00669nam a2200241 a 4500001001300000003000900013005001700022008004100039020001000080082001700090100003000107245001200137260001900149300000900168500003500177505001600212650002400228700003000252902000800282942000700290952011700297999001300414nice12345678IN_TiNIC20260116011353.0050524s1897 kana grp 000 0 per  ac10000a891.51bSAA3 aSaadi, Shaikh Muslehuddin aBoostan aKanpurbc1897 a308p aincludes index and biblioraphy2 aIndex, 145p aPersian Poetry-Rumi1 aSaadi, Shaikh Muslehuddin bSRS cBK 001040708StackRoom-aHMIbHMId2007-06-01g100.00l0o891.51 SAA3p04533r2007-06-01v100.00w2005-05-24yBK c933d933